The Art of High Performance Computing for Computational Science, Vol. 2 Advanced Techniques and Examples for Materials Science /

This book presents advanced and practical techniques for performance optimization for highly parallel processing. Featuring various parallelization techniques in material science, it is a valuable resource for anyone developing software codes for computational sciences such as physics, chemistry, bi...

Πλήρης περιγραφή

Λεπτομέρειες βιβλιογραφικής εγγραφής
Συγγραφή απο Οργανισμό/Αρχή: SpringerLink (Online service)
Άλλοι συγγραφείς: Geshi, Masaaki (Επιμελητής έκδοσης, http://id.loc.gov/vocabulary/relators/edt)
Μορφή: Ηλεκτρονική πηγή Ηλ. βιβλίο
Γλώσσα:English
Έκδοση: Singapore : Springer Singapore : Imprint: Springer, 2019.
Έκδοση:1st ed. 2019.
Θέματα:
Διαθέσιμο Online:Full Text via HEAL-Link
LEADER 03683nam a2200481 4500
001 978-981-13-9802-5
003 DE-He213
005 20191029032121.0
007 cr nn 008mamaa
008 191001s2019 si | s |||| 0|eng d
020 |a 9789811398025  |9 978-981-13-9802-5 
024 7 |a 10.1007/978-981-13-9802-5  |2 doi 
040 |d GrThAP 
050 4 |a QA76.6-76.66 
072 7 |a UM  |2 bicssc 
072 7 |a COM051000  |2 bisacsh 
072 7 |a UM  |2 thema 
082 0 4 |a 005.11  |2 23 
245 1 4 |a The Art of High Performance Computing for Computational Science, Vol. 2  |h [electronic resource] :  |b Advanced Techniques and Examples for Materials Science /  |c edited by Masaaki Geshi. 
250 |a 1st ed. 2019. 
264 1 |a Singapore :  |b Springer Singapore :  |b Imprint: Springer,  |c 2019. 
300 |a IX, 206 p. 99 illus., 7 illus. in color.  |b online resource. 
336 |a text  |b txt  |2 rdacontent 
337 |a computer  |b c  |2 rdamedia 
338 |a online resource  |b cr  |2 rdacarrier 
347 |a text file  |b PDF  |2 rda 
505 0 |a Chapter 1: Supercomputers and application performance -- Chapter 2: Performance optimization of applications -- Chapter 3: Case studies of performance optimization of applications -- Chapter 4: O(N) methods -- Chapter 5: Acceleration of Classical Molecular Dynamics Simulations -- Chapter 6: Large scale quantum chemical calculation. 
520 |a This book presents advanced and practical techniques for performance optimization for highly parallel processing. Featuring various parallelization techniques in material science, it is a valuable resource for anyone developing software codes for computational sciences such as physics, chemistry, biology, earth sciences, space science, weather, disaster prevention and manufacturing, as well as for anyone using those software codes. Chapter 1 outlines supercomputers and includes a brief explanation of the history of hardware. Chapter 2 presents procedures for performance evaluation, while Chapter 3 describes the set of tuned applications in materials science, nanoscience and nanotechnology, earth science and engineering on the K computer. Introducing the order-N method, based on density functional theory (DFT) calculation, Chapter 4 explains how to extend the applicability of DFT to large-scale systems by reducing the computational complexity. Chapter 5 discusses acceleration and parallelization in classical molecular dynamics simulations, and lastly, Chapter 6 explains techniques for large-scale quantum chemical calculations, including the order-N method. This is the second of the two volumes that grew out of a series of lectures in the K computer project in Japan. The first volume addresses more basic techniques, and this second volume focuses on advanced and concrete techniques. 
650 0 |a Computer programming. 
650 0 |a Chemoinformatics. 
650 0 |a Computer simulation. 
650 1 4 |a Programming Techniques.  |0 http://scigraph.springernature.com/things/product-market-codes/I14010 
650 2 4 |a Computer Applications in Chemistry.  |0 http://scigraph.springernature.com/things/product-market-codes/C13009 
650 2 4 |a Simulation and Modeling.  |0 http://scigraph.springernature.com/things/product-market-codes/I19000 
700 1 |a Geshi, Masaaki.  |e editor.  |4 edt  |4 http://id.loc.gov/vocabulary/relators/edt 
710 2 |a SpringerLink (Online service) 
773 0 |t Springer eBooks 
776 0 8 |i Printed edition:  |z 9789811398018 
776 0 8 |i Printed edition:  |z 9789811398032 
776 0 8 |i Printed edition:  |z 9789811398049 
856 4 0 |u https://doi.org/10.1007/978-981-13-9802-5  |z Full Text via HEAL-Link 
912 |a ZDB-2-SCS 
950 |a Computer Science (Springer-11645)